[Event "Ì15Ï"]
[Site "Loo"]
[Date "2017.04.27"]
[Round "8.24"]
[White "Öûáóëüêèí, Èâàí."]
[Black "Ãàëè÷êèí, Èëüÿ."]
[Result "1/2-1/2"]
[WhiteElo "1734"]
[BlackElo "1851"]
[PlyCount "80"]
[EventDate "2017.04.20"]

1. d4 Nf6 2. Nf3 e6 3. g3 d5 4. Bg2 Be7 5. O-O O-O 6. c4 b6 7. Nc3 Bb7 8. Ne5
Nbd7 9. cxd5 Nxd5 10. Nxd5 exd5 11. Nd3 Nf6 12. Bf4 Bd6 13. Rc1 Bxf4 14. Nxf4
Qd6 15. Qb3 c6 16. Rc2 Rfe8 17. Rfc1 Rac8 18. e3 h6 19. a4 Ba6 20. Nd3 Nd7 21.
Qc3 g6 22. b3 Kh7 23. Qb4 Qf6 24. Qd2 Qd6 25. Nf4 f5 26. Rc3 Nb8 27. Qc2 Rf8
28. Nd3 Bxd3 29. Qxd3 Rcd8 30. Qb1 a5 31. Qd3 Rf6 32. Qc2 Qe7 33. Qd2 Qb4 34.
Rd3 Qxd2 35. Rxd2 Na6 36. Bf1 Nb4 37. Bd3 Kg7 38. Bb1 Kf7 39. h4 Re8 40. Kh2
Ke7 1/2-1/2

[Event "Ì15Ï"]
[Site "Loo"]
[Date "2017.04.27"]
[Round "8.25"]
[White "ßäèãàðîâ, Àéâàç."]
[Black "Ãðèøèí, Ïàâåë."]
[Result "0-1"]
[WhiteElo "1699"]
[BlackElo "1840"]
[PlyCount "102"]
[EventDate "2017.04.20"]

1. Nf3 Nf6 2. d4 g6 3. c4 Bg7 4. Nc3 d6 5. e4 O-O 6. Be2 e5 7. O-O Nc6 8. d5
Ne7 9. Qc2 Ne8 10. Be3 f5 11. exf5 gxf5 12. Ng5 Rf6 13. f4 e4 14. Bd4 Rg6 15.
Bxg7 Rxg7 16. b4 Ng6 17. Ne6 Bxe6 18. dxe6 Nxf4 19. Rxf4 Qg5 20. Rf2 e3 21. Bf3
exf2+ 22. Qxf2 Nf6 23. Rf1 Re8 24. Nd5 c6 25. Nxf6+ Qxf6 26. b5 cxb5 27. cxb5
Qxe6 28. Qxa7 Qe3+ 29. Qxe3 Rxe3 30. Bd5+ Kh8 31. Rxf5 Rge7 32. b6 R3e5 33.
Rf8+ Kg7 34. Rg8+ Kf6 35. Rf8+ Kg5 36. Bc4 d5 37. Bd3 Rd7 38. a4 d4 39. h3 Re3
40. Bb5 Rd6 41. a5 d3 42. Ba4 d2 43. Kf2 Ra3 44. Rg8+ Kf6 45. a6 Rxa4 46. axb7
d1=Q 47. b8=Q Qd2+ 48. Kg1 Ra1+ 49. Kh2 Qf4+ 50. Rg3 Rh1+ 51. Kxh1 Rd1+ 0-1

[Event "Ì15Ï"]
[Site "Loo"]
[Date "2017.04.27"]
[Round "8.26"]
[White "Àáäóðàèìîâ, Ýñìåò."]
[Black "Áóþêëè, Åãîð."]
[Result "1-0"]
[WhiteElo "1720"]
[BlackElo "1823"]
[PlyCount "47"]
[EventDate "2017.04.20"]

1. e4 e6 2. d4 d5 3. Nc3 Nf6 4. Bg5 Be7 5. e5 Nfd7 6. h4 c5 7. Bxe7 Kxe7 8. Qd2
Nc6 9. Nf3 Qb6 10. O-O-O cxd4 11. Nb5 h6 12. Qf4 a6 13. Nbxd4 Nxd4 14. Nxd4 Nc5
15. Rh3 Bd7 16. Be2 Bb5 17. Bh5 Raf8 18. Nb3 Ne4 19. Re3 Bc4 20. Nd2 g5 21. Qf3
f5 22. Nxc4 dxc4 23. Rxe4 fxe4 24. Qa3+ 1-0

[Event "Ì15Ï"]
[Site "Loo"]
[Date "2017.04.27"]
[Round "8.27"]
[White "Ãåéí, Âëàäèìèð."]
[Black "Äîðîôååâ, Äåíèñ."]
[Result "1-0"]
[WhiteElo "1822"]
[BlackElo "1581"]
[PlyCount "147"]
[EventDate "2017.04.20"]

1. d4 Nf6 2. c4 e6 3. Nf3 Bb4+ 4. Bd2 Qe7 5. e3 O-O 6. Bd3 d5 7. a3 Bxd2+ 8.
Qxd2 b6 9. cxd5 exd5 10. Nc3 Bb7 11. O-O Nbd7 12. b4 Ne4 13. Qc2 f5 14. Qb3
Ndf6 15. Rad1 Kh8 16. Ne2 c6 17. Nf4 Rg8 18. Bxe4 Nxe4 19. Ne5 g5 20. Nfd3 Rac8
21. Qb2 Nf6 22. Rc1 Rg7 23. Rc2 Qf8 24. Rfc1 Rgc7 25. Nf3 Qg7 26. Nfe5 Qe7 27.
a4 Kg8 28. a5 Ba8 29. axb6 axb6 30. b5 cxb5 31. Rxc7 Rxc7 32. Rxc7 Qxc7 33.
Qxb5 Kg7 34. h3 Bb7 35. f3 Qd6 36. Qb4 Qc7 37. Qb2 Ba6 38. Qc1 Qd6 39. Qc3 Bb7
40. Kf2 h6 41. Kg1 Ba6 42. Nb4 Bb7 43. Nbd3 Ba6 44. Nb4 Bb7 45. Nc2 Kh7 46. Na3
Ba6 47. Qc2 Qe6 48. Qc7+ Kg8 49. Nc2 Ne8 50. Qa7 Bc4 51. Nb4 Bb5 52. Qb7 Ba4
53. Qxd5 Qxd5 54. Nxd5 b5 55. Kf2 Bb3 56. Nb4 Nd6 57. g3 Kg7 58. Ke2 Kf6 59.
Kd3 Ke6 60. Kc3 Bd1 61. Nbd3 Kd5 62. Nc5 Nc4 63. e4+ fxe4 64. fxe4+ Kd6 65.
Nxc4+ bxc4 66. Kxc4 Be2+ 67. Kc3 h5 68. Kd2 Bf1 69. h4 gxh4 70. gxh4 Bb5 71.
Ke3 Ke7 72. Kf4 Kf6 73. e5+ Kg6 74. d5 1-0

[Event "Ì15Ï"]
[Site "Loo"]
[Date "2017.04.27"]
[Round "8.28"]
[White "Êàðàâàåâ, Àëåêñàíäð."]
[Black "Áóíèàòÿí, Äàâèä."]
[Result "1-0"]
[WhiteElo "1794"]
[BlackElo "1648"]
[PlyCount "69"]
[EventDate "2017.04.20"]

1. e4 c5 2. Nf3 d6 3. c3 Nf6 4. Bc4 Nxe4 5. Qa4+ Nd7 6. Bxf7+ Kxf7 7. Qxe4 Nf6
8. Qe2 h6 9. O-O e5 10. d3 Be7 11. Re1 Be6 12. Nbd2 Qd7 13. Ne4 Nxe4 14. dxe4
Rhf8 15. Rd1 Qc6 16. Nh4 Bxh4 17. Qh5+ Kg8 18. Qxh4 Rf6 19. Rd3 Raf8 20. Rg3
Kh8 21. Bg5 Qa4 22. Bxf6 Rxf6 23. Rf3 Rxf3 24. gxf3 Qd7 25. Rd1 Bxa2 26. Ra1
Bc4 27. Rxa7 Ba6 28. Ra8+ Kh7 29. Qg4 Qc7 30. Qf5+ g6 31. Qf6 Qg7 32. Qxg7+
Kxg7 33. Rd8 Kf6 34. Rxd6+ Kg5 35. Rd5 1-0

[Event "Ì15Ï"]
[Site "Loo"]
[Date "2017.04.27"]
[Round "8.29"]
[White "Êóçíåöîâ, Ñåðãåé."]
[Black "Íîâèêîâ, Ðîìàí."]
[Result "1-0"]
[WhiteElo "1517"]
[BlackElo "1781"]
[PlyCount "103"]
[EventDate "2017.04.20"]

1. e4 e6 2. d4 d5 3. Nd2 Nf6 4. e5 Nfd7 5. Bd3 c5 6. c3 Nc6 7. Ne2 Qb6 8. Nf3
Be7 9. O-O O-O 10. Rb1 cxd4 11. cxd4 Nb4 12. a3 Nxd3 13. Qxd3 Qd8 14. Nf4 Nb6
15. Re1 Nc4 16. b3 Nb6 17. a4 Bd7 18. Bd2 Nc8 19. Rbc1 b5 20. a5 b4 21. Ra1 Rb8
22. Nh3 Bb5 23. Qe3 a6 24. Qf4 Bd3 25. Ra2 Na7 26. Qg3 Be4 27. Nhg5 Bg6 28. Nh4
Bh5 29. Nhf3 Nb5 30. Rd1 Nxd4 31. Nxd4 Bxd1 32. Ngxe6 fxe6 33. Nxe6 Rf7 34.
Nxd8 Rxd8 35. Bh6 Kh8 36. e6 Bd6 37. Qg5 Be7 38. Qd2 Rff8 39. Bxg7+ Kxg7 40.
Qxd1 Rf6 41. Qd4 Kg8 42. Re2 Rc8 43. g3 Rd8 44. Kg2 Rg6 45. Re5 Bf6 46. e7 Re8
47. Qxd5+ Kg7 48. Re6 Bxe7 49. Rxg6+ hxg6 50. Qc6 Rf8 51. Qxa6 Bf6 52. Qb7+ 1-0

[Event "Ì15Ï"]
[Site "Loo"]
[Date "2017.04.27"]
[Round "8.30"]
[White "Þí, Âÿ÷åñëàâ."]
[Black "Ñòåïàíîâ, Ñåðãåé."]
[Result "1-0"]
[WhiteElo "1878"]
[BlackElo "1406"]
[PlyCount "91"]
[EventDate "2017.04.20"]

1. e4 e5 2. Nf3 Nc6 3. Bb5 a6 4. Ba4 Nf6 5. O-O Be7 6. Re1 b5 7. Bb3 d6 8. c3
O-O 9. h3 Bb7 10. d4 exd4 11. cxd4 Na5 12. Bc2 d5 13. Nbd2 dxe4 14. Nxe4 Bb4
15. Bg5 Bxe4 16. Rxe4 h6 17. Bxf6 Qxf6 18. Ne5 Rad8 19. Qd3 Rfe8 20. Re3 g6 21.
Rf3 Qxe5 22. dxe5 Rxd3 23. Rxd3 Rxe5 24. Bb3 Bd6 25. Kf1 Nc6 26. Rc1 Nb4 27.
Rf3 Re7 28. a3 c5 29. axb4 c4 30. Bc2 Bxb4 31. Re3 Rc7 32. Rd1 Kg7 33. Rd8 a5
34. Rd5 c3 35. b3 a4 36. Rxb5 axb3 37. Bxb3 Bf8 38. Bc2 Rc4 39. Rb3 Ra4 40.
Rbxc3 Ra1+ 41. Ke2 Bb4 42. Rc7 Re1+ 43. Kf3 Rf1 44. Rb3 Bd6 45. Rd7 Be5 46.
Rbb7 1-0

[Event "Ì15Ï"]
[Site "Loo"]
[Date "2017.04.27"]
[Round "8.31"]
[White "Ãóëèåâ, Ðîìàí."]
[Black "Ñàäîâíèêîâ, Êîíñòàíòèí."]
[Result "0-1"]
[WhiteElo "1680"]
[BlackElo "1826"]
[PlyCount "128"]
[EventDate "2017.04.20"]

1. d4 Nf6 2. c4 c5 3. d5 e5 4. Nc3 d6 5. e4 Nbd7 6. g3 a6 7. Bg2 b5 8. cxb5
axb5 9. Nxb5 Ba6 10. Nc3 Be7 11. Nge2 O-O 12. O-O Qc7 13. b3 Rfb8 14. Rb1 Rb7
15. Bd2 Rab8 16. a3 Bd3 17. Rb2 c4 18. b4 Nc5 19. f3 Qb6 20. Be3 Qa6 21. Ra2
Nb3 22. Re1 Bd8 23. Nc1 Nxc1 24. Qxc1 Bb6 25. Bf1 Bxf1 26. Rxf1 Bd4 27. Re2 Ra7
28. Ra2 Qb6 29. Re1 Ne8 30. f4 Nc7 31. Kh1 Nb5 32. Nxb5 Qxb5 33. fxe5 dxe5 34.
Rd1 Bxe3 35. Qxe3 Qd7 36. Rc1 Rxb4 37. axb4 Rxa2 38. Rxc4 Qh3 39. Qg1 Qg4 40.
Qf1 h6 41. d6 g6 42. b5 Rd2 43. b6 Rd1 44. Rc1 Rxf1+ 45. Rxf1 Qxe4+ 46. Kg1
Qd4+ 47. Kg2 Qxd6 48. Rb1 f5 49. b7 Qb8 50. Kf3 Kf7 51. Rb6 g5 52. Ke3 f4+ 53.
gxf4 exf4+ 54. Kf2 Kg7 55. Kf3 h5 56. h3 Kh7 57. Kg2 f3+ 58. Kf2 Qh2+ 59. Kxf3
Qf4+ 60. Kg2 Qd2+ 61. Kh1 Qe1+ 62. Kg2 Qe2+ 63. Kh1 Qe1+ 64. Kh2 Qf2+ 0-1

[Event "Ì15Ï"]
[Site "Loo"]
[Date "2017.04.27"]
[Round "8.32"]
[White "Òðàùåíêî, Äàìèð."]
[Black "Ïðèøèáèëîâè÷, Ìàòâåé."]
[Result "1-0"]
[WhiteElo "1805"]
[BlackElo "1664"]
[PlyCount "51"]
[EventDate "2017.04.20"]

1. e4 e5 2. Nf3 Nc6 3. d4 exd4 4. Nxd4 Nf6 5. Nxc6 bxc6 6. e5 Qe7 7. Qe2 Nd5 8.
c4 Nb6 9. Nd2 g6 10. Ne4 Bg7 11. f4 O-O 12. Be3 Ba6 13. Qc2 Rfe8 14. Bd3 d6 15.
O-O dxe5 16. f5 Qd8 17. Rad1 Bc8 18. fxg6 fxg6 19. Ng5 Bg4 20. Bxg6 hxg6 21.
Qxg6 Qxg5 22. Bxg5 Re6 23. Qf7+ Kh8 24. Bf6 Bxf6 25. Rxf6 Bxd1 26. Rxe6 1-0

[Event "Ì15Ï"]
[Site "Loo"]
[Date "2017.04.27"]
[Round "8.33"]
[White "Êóìàêîâ, Èâàí."]
[Black "Áîéêî, Èãîðü."]
[Result "0-1"]
[WhiteElo "1783"]
[BlackElo "1649"]
[PlyCount "134"]
[EventDate "2017.04.20"]

1. d4 Nf6 2. Bg5 d5 3. Bxf6 exf6 4. e3 c6 5. Bd3 Be6 6. Nd2 Nd7 7. Ngf3 Bd6 8.
O-O O-O 9. c4 f5 10. Qc2 g6 11. Rfe1 Nf6 12. Nb3 Ne4 13. Bxe4 fxe4 14. Nfd2 Qh4
15. f4 exf3 16. Nxf3 Qh5 17. c5 Bc7 18. Qf2 g5 19. g3 Rae8 20. Kh1 Bf5 21. Nbd2
Be4 22. Nxe4 dxe4 23. Nd2 f5 24. Qg2 Kh8 25. Rab1 Qh6 26. Rf1 Qe6 27. b3 Rg8
28. Qh3 Ref8 29. Rf2 Rg6 30. Rbf1 f4 31. Qxe6 Rxe6 32. gxf4 gxf4 33. Nc4 f3 34.
Rg1 Rg8 35. Rxg8+ Kxg8 36. Kg1 Kf7 37. b4 Kf6 38. a4 Kf5 39. b5 Re7 40. bxc6
bxc6 41. Nd6+ Bxd6 42. cxd6 Rg7+ 43. Kf1 Ke6 44. Rd2 Kxd6 45. Rc2 Rg5 46. Rb2
Kc7 47. Rc2 Ra5 48. Rc4 Kd6 49. Rb4 h5 50. Rc4 Rg5 51. Rc2 c5 52. dxc5+ Rxc5
53. Rd2+ Ke5 54. Kf2 Rc4 55. Ra2 Kf5 56. h3 Kg5 57. Kg3 Rc3 58. Kf2 Kh4 59. Rb2
Rc4 60. Ra2 Kxh3 61. Kf1 Kg3 62. Ra1 h4 63. Kg1 h3 64. Kh1 Rc2 65. Kg1 h2+ 66.
Kh1 Rg2 67. Rb1 f2 0-1

[Event "Ì15Ï"]
[Site "Loo"]
[Date "2017.04.27"]
[Round "8.34"]
[White "Ãàâðèëåíêî, Äàíèèë."]
[Black "Êðàâöîâ, Ìàêñèì."]
[Result "1/2-1/2"]
[WhiteElo "1546"]
[BlackElo "1766"]
[PlyCount "79"]
[EventDate "2017.04.20"]

1. Nf3 Nf6 2. g3 g6 3. Bg2 Bg7 4. O-O d6 5. d4 O-O 6. c4 Nc6 7. Nc3 a6 8. b3
Rb8 9. e3 Bd7 10. Bb2 b5 11. Nd2 Na5 12. cxb5 axb5 13. Rc1 Nb7 14. Qe2 b4 15.
Nb5 c5 16. dxc5 dxc5 17. a4 Bxb5 18. axb5 Qb6 19. Be5 Rbd8 20. Bxb7 Qxb7 21.
Rxc5 Rxd2 22. Qxd2 Ne4 23. Qb2 Nxc5 24. Bxg7 Rd8 25. Bh6 f6 26. Qe2 Ne4 27. Rd1
Rxd1+ 28. Qxd1 Qxb5 29. Qd8+ Kf7 30. Qf8+ Ke6 31. Qc8+ Kf7 32. Qf8+ Ke6 33.
Qc8+ Kf7 34. Qf8+ Ke6 35. Qc8+ Kf7 36. Qf8+ Ke6 37. Qc8+ Kf7 38. Qf8+ Ke6 39.
Qc8+ Kf7 40. Qf8+ 1/2-1/2

[Event "Ì15Ï"]
[Site "Loo"]
[Date "2017.04.27"]
[Round "8.35"]
[White "Ãàãëàçîâ, Ìèõàèë."]
[Black "Äàíçàíäîðæèåâ, Áóëàò."]
[Result "1-0"]
[WhiteElo "1550"]
[BlackElo "1754"]
[PlyCount "103"]
[EventDate "2017.04.20"]

1. e4 c5 2. Nc3 e6 3. f4 d5 4. Bb5+ Nc6 5. Bxc6+ bxc6 6. d3 Nf6 7. Nf3 Be7 8.
O-O Ba6 9. Re1 O-O 10. e5 Nd7 11. g4 Qc7 12. f5 exf5 13. gxf5 f6 14. e6 Ne5 15.
Bf4 Bd6 16. Bg3 Rae8 17. Qe2 g6 18. Nxe5 fxe5 19. fxg6 hxg6 20. Bxe5 Bc8 21.
Bxd6 Qxd6 22. Qe5 Qe7 23. Rf1 Bxe6 24. Rae1 Rxf1+ 25. Rxf1 Qh4 26. Qg3 Qh6 27.
Qf4 Qh5 28. Re1 Bf7 29. Rxe8+ Bxe8 30. Kf2 Bd7 31. a3 g5 32. Qg3 Bf5 33. Qb8+
Kg7 34. Qe5+ Kg6 35. Qe8+ Kh6 36. Qxc6+ Bg6 37. Qd6 g4 38. Nxd5 Qh4+ 39. Qg3
Qd8 40. Qe3+ Kg7 41. Qe7+ Qxe7 42. Nxe7 Bf7 43. Nf5+ Kf6 44. Nd6 Be6 45. Ne4+
Ke5 46. Nxc5 Bc8 47. c3 Kd5 48. Nb3 Ke5 49. Ke3 Bb7 50. Nd2 Kf5 51. Ne4 Ke5 52.
d4+ 1-0

[Event "Ì15Ï"]
[Site "Loo"]
[Date "2017.04.27"]
[Round "8.36"]
[White "Ìàðóñîâ, Àëåêñåé."]
[Black "Êàðäîíîâ, Áààòð."]
[Result "1-0"]
[WhiteElo "1752"]
[BlackElo "1574"]
[PlyCount "69"]
[EventDate "2017.04.20"]

1. d4 d5 2. Nf3 Nf6 3. Bg5 Nbd7 4. e3 e6 5. Bd3 c6 6. Nbd2 Be7 7. Qe2 b6 8. h4
Bd6 9. e4 dxe4 10. Nxe4 Be7 11. O-O-O Bb7 12. h5 Nxe4 13. Bxe7 Qxe7 14. Bxe4 h6
15. Ne5 Rc8 16. f4 Rc7 17. Rhe1 Kd8 18. Qf3 Nxe5 19. dxe5+ Kc8 20. Rd6 c5 21.
Red1 Kb8 22. Bxb7 Rxb7 23. Qc6 Rc7 24. Qb5 Rhc8 25. a4 Rb7 26. Rd7 Rxd7 27.
Rxd7 Qe8 28. Qd3 Qf8 29. a5 c4 30. Qd4 Qc5 31. Qe4 Qg1+ 32. Kd2 c3+ 33. Ke2 Rc7
34. Rd8+ Rc8 35. a6 1-0

[Event "Ì15Ï"]
[Site "Loo"]
[Date "2017.04.27"]
[Round "8.37"]
[White "Ìàðåâè÷åâ, Åãîð."]
[Black "Êëûêîâ, Ãåîðãèé."]
[Result "1-0"]
[WhiteElo "1488"]
[BlackElo "1737"]
[PlyCount "41"]
[EventDate "2017.04.20"]

1. e4 c5 2. Nf3 g6 3. d4 cxd4 4. Nxd4 Bg7 5. Nc3 Nc6 6. Be3 Nf6 7. Be2 O-O 8.
h4 d5 9. Nxc6 bxc6 10. e5 Ne8 11. f4 f6 12. Qd4 fxe5 13. fxe5 Qc7 14. Nxd5 Qa5+
15. b4 Bxe5 16. Nxe7+ Kf7 17. bxa5 Bxd4 18. Bxd4 Kxe7 19. Bc5+ Nd6 20. O-O-O
Rd8 21. Rhe1 1-0

[Event "Ì15Ï"]
[Site "Loo"]
[Date "2017.04.27"]
[Round "8.38"]
[White "Öàðüêîâ, Ìèõàèë."]
[Black "Áîíäàðåíêî, Àðò¸ì."]
[Result "1/2-1/2"]
[WhiteElo "1471"]
[BlackElo "1720"]
[PlyCount "81"]
[EventDate "2017.04.20"]

1. Nf3 Nf6 2. g3 g6 3. Bg2 Bg7 4. d3 d5 5. Nbd2 c5 6. e4 d4 7. O-O O-O 8. a4
Nc6 9. Nb3 Nd7 10. Nfd2 e5 11. Nc4 Qe7 12. f4 f5 13. exf5 Rxf5 14. Be4 Rf8 15.
f5 gxf5 16. Bxf5 Nf6 17. Bg5 Bxf5 18. Rxf5 Qe6 19. Rf1 b6 20. Bxf6 Bxf6 21.
Nbd2 Bg7 22. Qh5 Nb4 23. Rfc1 Rf5 24. Qe2 Bh6 25. c3 Nd5 26. cxd4 cxd4 27. Rf1
Ne3 28. Rxf5 Qxf5 29. Nxe3 Bxe3+ 30. Kg2 Bxd2 31. Qxd2 e4 32. dxe4 Qxe4+ 33.
Kg1 Rc8 34. Re1 Qd5 35. Rd1 Rd8 36. Qd3 Kg7 37. Rd2 Rd7 38. Re2 Rc7 39. Rc2
Rxc2 40. Qxc2 Qc5 41. Qd2 1/2-1/2

[Event "Ì15Ï"]
[Site "Loo"]
[Date "2017.04.27"]
[Round "8.39"]
[White "Èëüþøèí, Òèìîôåé."]
[Black "Åðîõèí, Àðòåì."]
[Result "0-1"]
[WhiteElo "1376"]
[BlackElo "1705"]
[PlyCount "76"]
[EventDate "2017.04.20"]

1. d4 Nf6 2. Nf3 g6 3. Bg5 Bg7 4. c3 d5 5. Nbd2 O-O 6. e3 Nbd7 7. Be2 b6 8. O-O
Bb7 9. b4 c5 10. Rb1 c4 11. a4 h6 12. Bh4 g5 13. Bg3 Nh5 14. Be5 f6 15. Ne1
fxe5 16. Bxh5 exd4 17. exd4 e5 18. Nc2 Rc8 19. dxe5 Nxe5 20. Nd4 Qf6 21. N2f3
Nd3 22. Bg4 Rce8 23. Nf5 Re4 24. Ne3 Qxc3 25. Bf5 Rxe3 26. fxe3 Rxf5 27. Qd2
Rxf3 28. Qxc3 Rxf1+ 29. Rxf1 Bxc3 30. b5 Bd2 31. e4 dxe4 32. h3 c3 33. g3 c2
34. Ra1 Bc3 35. Rc1 Nxc1 36. Kf2 Nd3+ 37. Ke2 c1=Q 38. h4 Qe1# 0-1

[Event "Ì15Ï"]
[Site "Loo"]
[Date "2017.04.27"]
[Round "8.40"]
[White "Ñòÿæêèí, Íèêèòà."]
[Black "Øêðåáêî, Ìèõàèë."]
[Result "0-1"]
[WhiteElo "1703"]
[BlackElo "1468"]
[PlyCount "64"]
[EventDate "2017.04.20"]

1. e4 e6 2. b3 d5 3. Bb2 dxe4 4. Nc3 Nf6 5. Qe2 Be7 6. Nxe4 O-O 7. Nf3 a6 8. a3
Nbd7 9. d4 b6 10. Nxf6+ Nxf6 11. O-O-O c6 12. Ne5 Qc7 13. f4 Nd5 14. Qe4 Bb7
15. Bd3 f5 16. Qf3 c5 17. Qf2 Rfc8 18. c4 cxd4 19. Bxd4 Bc5 20. Bxc5 Qxc5 21.
Qxc5 Rxc5 22. Rhe1 Nxf4 23. g3 Nxd3+ 24. Rxd3 Be4 25. Rd6 Rxe5 26. Rxb6 Rc5 27.
Rxe6 a5 28. R1xe4 fxe4 29. Rxe4 a4 30. Kb2 axb3 31. Kxb3 Rca5 32. Kb4 Rxa3 0-1

[Event "Ì15Ï"]
[Site "Loo"]
[Date "2017.04.27"]
[Round "8.41"]
[White "Ìóðòàçèí, Ðàèô."]
[Black "Àíèñèìîâ, Àðòåì."]
[Result "0-1"]
[WhiteElo "1373"]
[BlackElo "1683"]
[PlyCount "37"]
[EventDate "2017.04.20"]

1. e4 c5 2. Nf3 a6 3. d4 cxd4 4. Nxd4 d6 5. Be2 Nf6 6. Nc3 Nc6 7. O-O e6 8. Be3
Be7 9. h3 Qc7 10. Bf3 O-O 11. Qd2 Ne5 12. Be2 b5 13. a3 Bb7 14. f3 Rac8 15.
Rac1 Rfd8 16. Nb3 d5 17. exd5 Nxd5 18. Nxd5 Bxd5 19. f4 {çàïèñü íåðàçáîð~~èâà}
0-1

[Event "Ì15Ï"]
[Site "Loo"]
[Date "2017.04.27"]
[Round "8.42"]
[White "Âèíîêóð, Ëåîíèä."]
[Black "Èñìàèëîâ, Àìèð."]
[Result "1/2-1/2"]
[WhiteElo "1572"]
[BlackElo "1893"]
[PlyCount "106"]
[EventDate "2017.04.20"]

1. d4 Nf6 2. Nf3 e6 3. g3 d5 4. Bg2 Be7 5. O-O O-O 6. c4 b6 7. Ne5 Bb7 8. b3
Nbd7 9. Bb2 c5 10. cxd5 Nxe5 11. dxe5 Nxd5 12. Nd2 Qc7 13. a3 b5 14. Rc1 Rfd8
15. e3 Rac8 16. Qe2 Qb6 17. Ne4 b4 18. Qg4 bxa3 19. Ba1 g6 20. h4 h5 21. Qh3
Nb4 22. Nf6+ Bxf6 23. exf6 Bxg2 24. Qxg2 Nd3 25. g4 Qc6 26. f3 hxg4 27. Qxg4
Qd5 28. Rc2 Qf5 29. Qxf5 exf5 30. h5 Nb2 31. Rh2 Kh7 32. Kh1 Rc6 33. Rb1 Kg8
34. hxg6 fxg6 35. f7+ Kg7 36. Rh4 Rcd6 37. Kg2 Rd2+ 38. Kg3 Kxf7 39. Rh7+ Ke6
40. Rxa7 Rd1 41. Rxd1 Nxd1 42. Rxa3 Nxe3 43. b4 Nc2 44. Ra6+ Kd5 45. bxc5 Nxa1
46. Rxa1 Kxc5 47. Ra5+ Kb6 48. Re5 Kc7 49. Kf4 Kd6 50. Ra5 Ke7 51. Kg5 Rd6 52.
Ra7+ Kf8 53. f4 Rb6 1/2-1/2

[Event "Ì15Ï"]
[Site "Loo"]
[Date "2017.04.27"]
[Round "8.43"]
[White "Áóêàòèí, Àðñåíèé."]
[Black "Áåçóõîâ, Àëåêñàíäð."]
[Result "1-0"]
[WhiteElo "1772"]
[BlackElo "1564"]
[PlyCount "61"]
[EventDate "2017.04.20"]

1. e4 c5 2. Nf3 Nc6 3. d4 cxd4 4. Nxd4 g6 5. Nc3 Bg7 6. Be3 Nf6 7. f3 O-O 8.
Qd2 d6 9. O-O-O d5 10. exd5 Nxd5 11. Nxc6 bxc6 12. Bd4 Nxc3 13. Qxc3 Bh6+ 14.
Be3 Bxe3+ 15. Qxe3 Qa5 16. Bc4 e6 17. Rd3 Rb8 18. Ra3 Qb4 19. Rb3 Qxc4 20. Rxb8
Qxa2 21. Qa3 Qd5 22. Rd1 Qg5+ 23. Rd2 Qe5 24. Qd6 Qa5 25. Kb1 e5 26. Rd1 Kg7
27. Qe7 h5 28. b3 Rg8 29. Rd6 Be6 30. Rxg8+ Kxg8 31. Qf6 1-0

[Event "Ì15Ï"]
[Site "Loo"]
[Date "2017.04.27"]
[Round "8.44"]
[White "Äÿòëîâ, Îëåã."]
[Black "Äçàãîâ, Êàìáóëàò."]
[Result "1-0"]
[WhiteElo "1549"]
[BlackElo "1727"]
[PlyCount "73"]
[EventDate "2017.04.20"]

1. g3 e5 2. c4 d6 3. Bg2 g6 4. Nc3 Bg7 5. d3 f5 6. Nf3 Nf6 7. O-O O-O 8. Rb1 h6
9. Nd2 g5 10. b4 Qe8 11. Nd5 Nxd5 12. cxd5 Nd7 13. Qc2 Qd8 14. Bb2 Nf6 15. Rbc1
Rf7 16. f4 gxf4 17. gxf4 Ng4 18. Rf3 exf4 19. Nf1 Qg5 20. d4 Bf8 21. e3 fxe3
22. h3 f4 23. hxg4 Bxg4 24. Nh2 Bxf3 25. Nxf3 Qh5 26. Qe4 Rd8 27. a3 Rdd7 28.
Rf1 Rde7 29. Qc2 Rg7 30. Ne1 Rg3 31. Rxf4 Rxg2+ 32. Nxg2 e2 33. Bc3 e1=Q+ 34.
Bxe1 Re2 35. Qf5 Rxg2+ 36. Kxg2 Qe2+ 37. Bf2 1-0

[Event "Ì15Ï"]
[Site "Loo"]
[Date "2017.04.27"]
[Round "8.45"]
[White "Ðîìàíîâ, Àëüàìèí."]
[Black "Ùåïåòíîâ, Åãîð."]
[Result "0-1"]
[WhiteElo "1495"]
[BlackElo "1711"]
[PlyCount "154"]
[EventDate "2017.04.20"]

1. e4 c5 2. Nf3 e6 3. d4 cxd4 4. Nxd4 Nf6 5. Nc3 a6 6. a3 Qc7 7. Be3 Be7 8. Be2
b6 9. O-O Bb7 10. Bf3 d6 11. Nb3 Nbd7 12. Rc1 O-O 13. Qe2 Ne5 14. Nd2 Nxf3+ 15.
Qxf3 d5 16. exd5 Nxd5 17. Nxd5 Bxd5 18. Bf4 Bd6 19. Bxd6 Qxd6 20. Qd3 Qc6 21.
Qg3 Rfd8 22. Rfd1 f6 23. h3 e5 24. Nf1 Be4 25. Ne3 Qb5 26. Qg4 Bg6 27. b3 Kf7
28. Nf5 Qc6 29. c3 Bxf5 30. Qxf5 g6 31. Qc2 Rac8 32. c4 Rd4 33. Rd3 Qe4 34.
Rxd4 Qxc2 35. Rd7+ Ke6 36. Rxc2 Kxd7 37. Kf1 Ke6 38. Ke2 f5 39. Rd2 g5 40. Ke3
e4 41. f3 exf3 42. gxf3 h5 43. Rg2 Kf6 44. Rd2 Re8+ 45. Kf2 Re6 46. Rd8 f4 47.
Rh8 Kg6 48. Rg8+ Kf5 49. Rf8+ Ke5 50. Rd8 Kf6 51. Rh8 Kg6 52. Rb8 Rd6 53. Ke2
a5 54. a4 Kf7 55. Rh8 Re6+ 56. Kf2 Re3 57. Rb8 Re6 58. Rb7+ Kg6 59. Rb8 Kf5 60.
Rf8+ Ke5 61. Rd8 Rd6 62. Rxd6 Kxd6 63. Ke2 Ke5 64. Kd3 Kf5 65. Ke2 g4 66. fxg4+
hxg4 67. hxg4+ Kxg4 68. b4 f3+ 69. Kf2 axb4 70. a5 b3 71. a6 b2 72. a7 b1=Q 73.
a8=Q Qc2+ 74. Ke3 Qc3+ 75. Kf2 Qd4+ 76. Ke1 Qc3+ 77. Kf2 Qd2+ 0-1

[Event "Ì15Ï"]
[Site "Loo"]
[Date "2017.04.27"]
[Round "8.46"]
[White "Åñèïîâ, Ãåííàäèé."]
[Black "Òîëñòûõ, Äìèòðèé."]
[Result "1/2-1/2"]
[WhiteElo "1675"]
[BlackElo "1569"]
[PlyCount "125"]
[EventDate "2017.04.20"]

1. d4 d5 2. c4 e6 3. Nc3 c6 4. e3 Nf6 5. Bd3 Bd6 6. Nge2 O-O 7. O-O e5 8. cxd5
Nxd5 9. Nxd5 cxd5 10. dxe5 Bxe5 11. Rb1 Nc6 12. b3 Be6 13. Bb2 Bxb2 14. Rxb2
Qf6 15. Rd2 Rac8 16. Bb1 Rc7 17. Nf4 Ne7 18. Rd4 Qe5 19. Qd2 Rd7 20. Rd1 Nc6
21. Rd3 Rfd8 22. Ne2 Bf5 23. Rc3 d4 24. exd4 Nxd4 25. Bxf5 Nxe2+ 26. Kf1 Rxd2
27. Rxd2 Re8 28. Re3 Qa1+ 29. Kxe2 Rxe3+ 30. fxe3 g6 31. Bg4 Qe5 32. Bf3 b6 33.
h3 Kg7 34. Kf2 h5 35. Ke2 a5 36. Kf2 Kh6 37. Rd4 Qc5 38. Rd2 f5 39. Ke2 a4 40.
bxa4 Qc4+ 41. Kf2 Qxa4 42. g3 Qc4 43. Bd5 Qc1 44. Re2 g5 45. Bf3 Qc5 46. Kg2 g4
47. hxg4 hxg4 48. Ba8 Qc4 49. Kf2 Kg5 50. Bg2 Kf6 51. Bh1 Ke5 52. Bg2 b5 53.
Bf1 Qe4 54. Bg2 Qb1 55. Bf1 b4 56. Bg2 Qa1 57. Rd2 Qc3 58. Re2 Kd6 59. Bf1 Kc5
60. Bg2 Kb5 61. Bf1 Ka4 62. Bg2 Qc1 63. Bf1 1/2-1/2

[Event "Ì15Ï"]
[Site "Loo"]
[Date "2017.04.27"]
[Round "8.47"]
[White "Íîâèêîâ, Èâàí."]
[Black "Èâàíîâ, Èëüÿ."]
[Result "1-0"]
[WhiteElo "1649"]
[BlackElo "1498"]
[PlyCount "53"]
[EventDate "2017.04.20"]

1. Nf3 d5 2. g3 e6 3. Bg2 Nf6 4. c4 c6 5. Qc2 Be7 6. O-O O-O 7. d4 b6 8. Nbd2
Bb7 9. e4 dxe4 10. Nxe4 c5 11. Nxf6+ Bxf6 12. Ng5 Bxg5 13. Bxb7 Bxc1 14. Raxc1
Nd7 15. Bxa8 Qxa8 16. Rfd1 Rc8 17. dxc5 Nxc5 18. b4 Na6 19. Qa4 Nb8 20. c5 bxc5
21. Rxc5 Rf8 22. Rc7 a6 23. b5 Qf3 24. b6 h6 25. Qb3 Qe4 26. Qc2 Qb4 27. b7 {
çàïèñü íåðàçáîð~~èâà} 1-0

[Event "Ì15Ï"]
[Site "Loo"]
[Date "2017.04.27"]
[Round "8.48"]
[White "Ìèêèåâ, Êëèì."]
[Black "Æóðàâëåâ, Èãíàò."]
[Result "0-1"]
[WhiteElo "1511"]
[BlackElo "1638"]
[PlyCount "88"]
[EventDate "2017.04.20"]

1. d4 d5 2. c4 e6 3. Nc3 Nf6 4. cxd5 exd5 5. e3 Be7 6. Bd3 Nbd7 7. Nge2 c6 8.
Qc2 O-O 9. O-O Bd6 10. Bd2 Qe7 11. Rae1 h6 12. f3 Nb6 13. e4 dxe4 14. fxe4 Bc7
15. Nf4 Qd7 16. d5 Bxf4 17. dxc6 Qd4+ 18. Kh1 Bxd2 19. Qxd2 Qe5 20. Nd5 Nfxd5
21. exd5 Qxd5 22. a3 Qxc6 23. Be4 Qb5 24. Rf3 Qg5 25. Qd4 Rd8 26. Qf2 Be6 27.
Rg3 Qd2 28. Qf1 Rd7 29. Re2 Qd1 30. Re1 Rad8 31. Rge3 Qa4 32. Qf3 Rd1 33. Bxb7
Rxe1+ 34. Rxe1 Bg4 35. Qe3 Rd1 36. Bf3 Bxf3 37. gxf3 Rxe1+ 38. Qxe1 Qd7 39. b3
Qe6 40. Qd2 Qxb3 41. Kg2 Qd5 42. Qc2 Nc4 43. Kg1 Qd4+ 44. Kh1 Qa1+ 0-1

[Event "Ì15Ï"]
[Site "Loo"]
[Date "2017.04.27"]
[Round "8.49"]
[White "Èãíàòåíêî, Àðòóð."]
[Black "Îíèùåíêî, Ãåííàäèé."]
[Result "1/2-1/2"]
[WhiteElo "1621"]
[BlackElo "1451"]
[PlyCount "80"]
[EventDate "2017.04.20"]

1. e4 c5 2. Nf3 d6 3. d4 cxd4 4. Nxd4 Nf6 5. Nc3 a6 6. Be3 b5 7. a3 Bb7 8. f3
Nbd7 9. Be2 e6 10. O-O Be7 11. Bf2 d5 12. exd5 Nxd5 13. Nxd5 Bxd5 14. Re1 O-O
15. Bf1 Bf6 16. Rb1 Nb6 17. Ne2 Qc7 18. c3 Rfd8 19. Qc2 Bc4 20. Ng3 Bxf1 21.
Rxf1 Nc4 22. Rbd1 g6 23. Qc1 Qe7 24. Ne4 Bg7 25. Rfe1 Rac8 26. Be3 Nxe3 27.
Qxe3 Rxd1 28. Rxd1 f5 29. Nf2 Rc6 30. Qd3 Bf8 31. Kf1 Rd6 32. Qe2 Rxd1+ 33.
Qxd1 Kf7 34. Qd3 Qc7 35. h3 Bc5 36. a4 Qa7 37. Nd1 bxa4 38. Qc4 Qd7 39. Nf2
Bxf2 40. Kxf2 Qb5 1/2-1/2